الحرابة فى الفقه الاسلامى وتطبيق أحكامها فى العصر الحاضر /
Saved in:
| Main Author: | |
|---|---|
| Other Authors: | |
| Format: | Thesis |
| Language: | Arabic |
| Published: |
Gombak, Selangor :
al-Jami'at al-Islamiyah al-'Alamiyah bi-Maliziya,
2003
|
| Subjects: | |
| Online Access: | http://studentrepo.iium.edu.my/handle/123456789/8407 |
| Tags: |
Add Tag
No Tags, Be the first to tag this record!
|
| LEADER | 020990000a22004090004500 | ||
|---|---|---|---|
| 001 | 280499 | ||
| 005 | 20230718062622.0 | ||
| 008 | 031029s2003 my g 000 0 ara d | ||
| 035 | |a (Sirsi) 280499 | ||
| 040 | |a UIAM |b eng | ||
| 041 | 0 | |a ara | |
| 050 | 0 | 0 | |a BP158.4.H543 |
| 100 | 1 | |a بكرى، مصطفى |9 116300 | |
| 242 | 1 | 3 | |a al-Harabah fi al-fiqh al-Islami wa tatbiq ahkamiha fi al-'asr al-hadir |
| 245 | 1 | 2 | |a الحرابة فى الفقه الاسلامى وتطبيق أحكامها فى العصر الحاضر / |c اعداد مصطفى بكرى |
| 260 | |a Gombak, Selangor : |b al-Jami'at al-Islamiyah al-'Alamiyah bi-Maliziya, |c 2003 | ||
| 300 | |a 125 leaves ; |c 31 cm. | ||
| 336 | |2 rdacontent | ||
| 337 | |2 rdamedia | ||
| 338 | |2 rdacarrier | ||
| 500 | |a Abstracts in Arabic and English. | ||
| 500 | |a ""Bahth takmili muqaddam li-nayl darajat al-Majistir fi 'ulum al-wahy wa-al- turath (al-fiqh wa-usul al-fiqh)."--On t.p. | ||
| 502 | |a Thesis (MIRKH)--International Islamic University Malaysia, 2003. | ||
| 504 | |a Includes bibliographical references (leaves 117-125). | ||
| 650 | 0 | |a Terrorism and Islam |9 86535 | |
| 650 | 0 | |a Robbery (Islamic law) |9 116301 | |
| 655 | 0 | 7 | |a Theses, IIUM local |
| 690 | 0 | |a Dissertations, Academic |x Department of Fiqh and Usul al-Fiqh |z IIUM | |
| 700 | 1 | |a Bakri, Mustafa |9 116302 | |
| 710 | 2 | |a International Islamic University Malaysia. |b Kulliyyah of Islamic Revealed Knowledge and Human Sciences | |
| 856 | 4 | |u http://studentrepo.iium.edu.my/handle/123456789/8407 | |
| 900 | |a sar-ami-naw | ||
| 942 | |2 lcc |n 0 | ||
| 999 | |c 431664 |d 463957 | ||
| 952 | |0 0 |6 LU T BP 158.4 H543 B168H 2003 |7 0 |8 THESES |9 753767 |a IIUM |b IIUM |c CLOSEACCES |g 0.00 |o lu t BP 158.4 H543 B168H 2003 |p 00000904346 |r 2017-10-24 |t 1 |v 0.00 |y THESIS | ||
| 952 | |0 0 |6 T BP 158.4 H543 B168H 2003 |7 0 |8 THESES |9 753947 |a IIUM |b IIUM |c MULTIMEDIA |g 0.00 |o t BP 158.4 H543 B168H 2003 |p 00011275108 |r 2017-10-17 |t 2 |v 0.00 |y THESIS | ||
| 952 | |0 0 |6 TS CDF BP158.4H543B168H 2003 |7 0 |8 THESES |9 814095 |a IIUM |b IIUM |c MULTIMEDIA |g 0.00 |o ts cdf BP158.4H543B168H 2003 |p 11100325513 |r 2017-10-26 |t 1 |v 0.00 |y THESISDIG | ||
